[Event "Regionalliga NO 1112"]
[Site "Bayern"]
[Date "2012.04.15"]
[Round "9.7"]
[White "Gueldner, Udo"]
[Black "Engel, Waldemar"]
[Result "1-0"]
[WhiteElo "1897"]
[BlackElo "1527"]
[PlyCount "99"]
[EventDate "2011.10.02"]
[EventType "team-tourn"]
[EventRounds "9"]
[EventCountry "GER"]
[SourceTitle "EXT 2015"]
[Source "ChessBase"]
[SourceDate "2014.11.20"]
[SourceVersion "1"]
[SourceVersionDate "2014.11.20"]
[SourceQuality "1"]
[WhiteTeam "Forchheim II"]
[BlackTeam "Fuerth"]
[WhiteTeamCountry "GER"]
[BlackTeamCountry "GER"]

1. d4 g6 2. c4 d6 3. Nc3 Bg7 4. e4 c6 5. Be3 Nf6 6. f3 0-0 7. Nge2 Nbd7 8. Qd2 Nb6 9. Ng3 Re8 10. Be2 e5 11. d5 c5 12. 0-0 Bd7 13. b3 a5 14. a4 Rc8 15. Nb5 Bxb5 16. axb5 Ra8 17. Rxa5 Rxa5 18. Qxa5 Nbd7 19. Ra1 Qxa5 20. Rxa5 b6 21. Ra7 h5 22. Bd3 Rd8 23. Bg5 Rb8 24. Ne2 Nf8 25. Nc3 N8h7 26. Bd2 g5 27. Na4 Bh6 28. b4 Nf8 29. bxc5 dxc5 30. Nxb6 Rxb6 31. Ba5 N6d7 32. Bxb6 Nxb6 33. Kf2 Kg7 34. Rb7 Nfd7 35. g3 Kf6 36. Bf1 g4 37. h3 gxf3 38. Kxf3 Ke7 39. h4 Kd8 40. Bh3 Ke8 41. Bxd7+ Nxd7 42. Rc7 Bf8 43. Rc8+ Ke7 44. g4 hxg4+ 45. Kxg4 Bg7 46. Kf5 Bf8 47. h5 Bh6 48. Rc6 f6 49. b6 Nb8 50. Rc8 1-0

[Event "Regionalliga NO 1011"]
[Site "Bayern"]
[Date "2011.02.27"]
[Round "7.8"]
[White "Rank, Andreas"]
[Black "Engel, Waldemar"]
[Result "1-0"]
[WhiteElo "1317"]
[BlackElo "1624"]
[PlyCount "67"]
[EventDate "2010.10.10"]
[EventType "team-tourn"]
[EventRounds "9"]
[EventCountry "GER"]
[SourceTitle "EXT 2012"]
[Source "ChessBase"]
[SourceDate "2011.11.24"]
[SourceVersion "1"]
[SourceVersionDate "2011.11.24"]
[SourceQuality "1"]
[WhiteTeam "Kelheim II"]
[BlackTeam "Fuerth"]
[WhiteTeamCountry "GER"]
[BlackTeamCountry "GER"]

1. e4 d6 2. d4 g6 3. Nf3 Bg4 4. Be2 Bxf3 5. Bxf3 c6 6. 0-0 Bg7 7. c3 Nf6 8. Bg5 0-0 9. Qd2 Nbd7 10. Bh6 c5 11. Bxg7 Kxg7 12. Re1 e5 13. dxc5 Nxc5 14. Na3 Qe7 15. Nc4 Rfd8 16. Rad1 Ne8 17. b4 Ne6 18. Re3 b5 19. Na5 Rac8 20. Be2 a6 21. a4 Nf4 22. Bf1 d5 23. axb5 d4 24. cxd4 Rxd4 25. Qe1 Qxb4 26. Qxb4 Rxb4 27. bxa6 Ra4 28. Nb3 Rc7 29. Ra1 Rxa1 30. Nxa1 Nd6 31. Ra3 Nb5 32. Ra5 Na7 33. Rxe5 Rc1 34. g3 1-0